Statistics for NBA Players' College Teams Quiz

Click here to take the quiz!

General Stats

  • This quiz has been taken 39,221 times
    (33,509 since last reset)
  • The average score is 14 of 24

Answer Stats

Player College % Correct
Michael JordanNorth Carolina
91%
Anthony DavisKentucky
84%
Kevin DurantTexas
83%
Shaquille O'NealLSU
80%
Carmelo AnthonySyracuse
77%
Kareem Abdul-JabbarUCLA
77%
Magic JohnsonMichigan State
76%
Tim DuncanWake Forest
73%
Elton BrandDuke
73%
Joakim NoahFlorida
68%
Allen IversonGeorgetown
67%
Larry BirdIndiana State
66%
Dwyane WadeMarquette
63%
Wilt ChamberlainKansas
53%
Doug McDermottCreighton
46%
David RobinsonNavy
46%
John StocktonGonzaga
39%
Richard HamiltonConnecticut
38%
Nate RobinsonWashington
35%
Steve NashSanta Clara
28%
Marcus CambyMassachusetts
28%
Steve FrancisMaryland
25%
Glenn RobinsonPurdue
23%
Jerry WestWest Virginia
21%

Score Distribution

Percentile by Number Answered

Percent of People with Each Score

Your Score History

You have not taken this quiz since the last reset